000 006590000a22002170004500
003 LK-CoMWRAF
005 20231004121938.0
008 230817t2001 ||||| |||| 00| 0 eng d
020 _a818670647X
040 _aLK-CoMWRAF
_dLK-CoMWRAF
_eLK-CoMWRAF
041 _aeng
082 _a303.6
_bVIC
245 _aVictims, Perpetrators or Actors?
_bGender, Armed Conflict and Political Violence
260 _aNew Delhi:
_bKali for women,
_c2001
300 _axi, 243 p. : ill. ; 22 cm.
_bBibliography and index included
650 _aPOLITICAL VIOLENCE
650 _aSex role
700 _aMoser, Caroline O. N.
_eed.
700 _a Clark, Fiona, C.
942 _cBK
999 _c609
_d609